Govt. of
Madhya Pradesh

Battleground Chhamb The Indo-Pakistan War of 1971 (Record no. 64950)

MARC details
000 -LEADER
fixed length control field 00285nam a2200109Ia 4500
008 - FIXED-LENGTH DATA ELEMENTS--GENERAL INFORMATION
fixed length control field 221009s9999 xx 000 0 und d
082 ## - DEWEY DECIMAL CLASSIFICATION NUMBER
Classification number 900/MAN
100 ## - MAIN ENTRY--PERSONAL NAME
Personal name Jain,Ajay Kumar
9 (RLIN) 74227
245 #0 - TITLE STATEMENT
Title Battleground Chhamb The Indo-Pakistan War of 1971
260 ## - PUBLICATION, DISTRIBUTION, ETC. (IMPRINT)
Name of publisher, distributor, etc. Manohar Pub.
942 ## - ADDED ENTRY ELEMENTS (KOHA)
Koha item type Books

No items available.